LEADER 01304nam a2200301 i 4500 001 000000059559 003 CaOOAMICUS 005 20120712000000.0 008 120712s1987 it u000 u ita u 013 $a30731 020 $a88-384-2010-6 040 $aSeMil$bita 100 1 $aPoupard, Paul,$c.$0(OLS)http://semarc/name/3176 240 13$aLa morale chrétienne demain.$0(OLS)http://semarc/title/93085 245 13$aLa morale cristiana nel mondo :$bindagine del Segretariato per i non credenti /$cCardinale Paul Poupard. 260 $aCasale Monferrato (AL) :$bPiemme,$ccopyr. 1987. 300 $a267 p. ;$c21 cm. 490 0 $aCulture e dialogo 500 $aFondo Card. C.M. Martini. 650 4$aMorale.$0(OLS)http://semarc/subject/2260 830 0$aCulture e dialogo.$0(OLS)http://semarc/title/6816 850 $aSeMil 852 $aSeMil$W1$xVenegono$y1$m2E III 274 °$j25712$B25712$CSeMilBibl$Z2$F25715 $81 941 1 $a4 961 $aOmaggio: Martini Card. Carlo Maria 996 $6020$a88-384-2010-6$9(OLS)http://semarc/number/35483 996 $6245$aLa morale cristiana nel mondo :$bindagine del Segretariato per i non credenti$9(OLS)http://semarc/title/93084 996 $6260$aCasale Monferrato (AL) :$bPiemme$9(OLS)http://semarc/publisher/30052 LEADER 01204nam a2200289 i 4500 001 000000337539 003 CaOOAMICUS 005 20191028101213.0 008 191028s2005 it u000 u ita u 013 $a51657 040 $aSeMil$bita 100 0 $aAugustinus, Aurelius,$c.$0(OLS)http://semarc/name/498 245 13$aLe confessioni /$cSant'Agostino. 264 1$a[S.l.] :$bFamiglia Cristiana,$c2005. 300 $a361 p., [8] c. di tav. :$bill. ;$c22 cm. 490 0 $aLa grande biblioteca cristiana. I classici della tradizione cristiana ;$v2 650 4$aAgostino, Aurelio . Confessiones.$0(OLS)http://semarc/subject/1336 830 3$aLa grande biblioteca cristiana. I classici della tradizione cristiana ;$v2.$0(OLS)http://semarc/title/19237 850 $aSeMil 852 $aSeMil$W1$xVenegono$y1$m2C IV 574$j217082$B229135$CSeMilBibl$Z2$F229135 $81 900 1 $aAgostino : d'Ippona. 900 1 $aSant'Agostino. 996 $6245$aLe confessioni$9(OLS)http://semarc/title/25229 996 $6264$a[S.l.] :$bFamiglia Cristiana$9(OLS)http://semarc/publisher/33580